Vista normal
Vista MARC
Entrada Nombre corporativo
Número de registros utilizados en: 1
001 - NÚMERO DE CONTROL
- campo de control: 25970
003 - IDENTIFICADOR DE NÚMERO DE CONTROL
- campo de control: OSt
005 - FECHA Y HORA DE LA ÚLTIMA TRANSACCIÓN
- campo de control: 20221005160535.0
008 - ELEMENTOS DE DATO DE LONGITUD-FIJA
- campo de control de longitud fija: 221005|| aca||aabn | a|a d
040 ## - FUENTE DE CATALOGACIÓN
- Centro catalogador/agencia de origen: OSt
- Centro/agencia transcriptor: OSt
110 ## - ENCABEZAMIENTO-NOMBRE DE ENTIDAD CORPORATIVA
- Nombre de entidad corporativa o nombre de jurisdicción como elemento de entrada: CHIHUAHUA
- Unidad subordinada: Gobierno
670 ## - FUENTE DE DATOS ENCONTRADOS
- Cita de la fuente: Work cat.: (OSt)31495: CONGRESO MUNDIAL DE DERECHO DEL TRABAJO Y DE LA SEGURIDAD SOCIAL 1º México 2012 25969, Memoria digital [del] 1º Congreso Mundial de Derecho del Trabajo y de la Seguridad Social, 2012